Effect of Marketing Communication on Consumer Preferences and Purchasing Decisions
Skúmanie vplyvu marketingovej komunikácie na preferencie spotrebiteľa a nákupné rozhodovanie u rôznych skupín. Poukázanie na marketingové nástroje majúce vplyv na nákupné správanie. Digitálna komunikácia a jej rastúci vplyv na konanie zákazníkov.
Salvato in:
| Autore principale: | |
|---|---|
| Altri autori: | , |
| Natura: | Capitolo di libro |
| Lingua: | inglese |
| Soggetti: | |
| Tags: |
Nessun Tag, puoi essere il primo ad aggiungerne!!
|
MARC
| LEADER | 00000naa a2200000 4500 | ||
|---|---|---|---|
| 001 | 0267251 | ||
| 005 | 20220719070819.9 | ||
| 041 | 0 | |a eng | |
| 044 | |a CZ | ||
| 245 | 1 | 0 | |a Effect of Marketing Communication on Consumer Preferences and Purchasing Decisions |c Alena Kusá, Anna Zaušková, Ľudmila Čábyová |
| 520 | |a Skúmanie vplyvu marketingovej komunikácie na preferencie spotrebiteľa a nákupné rozhodovanie u rôznych skupín. Poukázanie na marketingové nástroje majúce vplyv na nákupné správanie. Digitálna komunikácia a jej rastúci vplyv na konanie zákazníkov. | ||
| 610 | 2 | 0 | |a komunikácia marketingová |
| 610 | 2 | 0 | |a preferencie spotrebiteľské |
| 610 | 2 | 0 | |a rozhodovanie nákupné |
| 610 | 2 | 0 | |a nákup elektronický |
| 610 | 2 | 0 | |a správanie spotrebiteľa |
| 100 | 1 | |a Kusá, Alena | |
| 700 | 1 | |a Zaušková, Anna | |
| 700 | 1 | |a Čábyová, Ľudmila | |